000 00416nam a2200181Ia 4500
005 20240823042457.0
008 240823s9999||||xx |||||||||||||| ||und||
041 _aENGLISH
082 _A658.404 M7
100 _a"Kerzner,Harold"
245 0 _aProject Management
250 _a2nd
260 _c1987
_b"CBS,Delhi"
500 _aYES
650 _aProjects
_bManagement Studies
942 _cBK
999 _c207954
_d207954